00710nam a2200181 a 4500003000200000005001700002008004100019050002600060100001900086245010100105260009000206300004000296504004100336650003300377650004400410650003600454650003800490020250311164446.0090729s19uu xx 00 eng d aPHS LC 65b.C545 2009 aChoi, Nak Hee. aStudents' awareness about economic crisis and the teenagers' propensity to save /cNak Hee Choi. aLas Piñas City, Philippines :bSouthville International School and Colleges,c2009. a34 pages :billustrations ;c28 cm. aIncludes bibliographical references. aEducationxEconomic aspects. aEconomic crisesxPsychological aspects. aTeenagersxEconomic conditions. aSaving and investmentxTeenagers.